NBA Players Quiz (2016-17) - Statistics

General Stats
  • This quiz has been taken 3,268 times
  • The average score is 134 of 444
Answer Stats
Hint Answer % Correct
LeBron James
86%
Stephen Curry
84%
Klay Thompson
82%
Seth Curry
81%
Tristan Thompson
81%
Hollis Thompson
80%
David West
79%
Draymond Green
79%
Jeff Green
79%
Kevin Durant
79%
Danny Green
78%
New Orleans Pelicans Gerald Green
78%
JaMychal Green
78%
Kyrie Irving
78%
Dwyane Wade
77%
Pau Gasol
77%
Russell Westbrook
76%
Utah Jazz Isaiah Thomas
74%
James Harden
74%
JR Smith
74%
Ish Smith
73%
Jason Smith
73%
Kevin Love
73%
Lance Thomas
73%
Patty Mills
73%
Jimmy Butler
72%
Anthony Davis
71%
Deyonta Davis
71%
Ed Davis
71%
Charlotte Hornets Dwight Howard
70%
New York Knicks Al Horford
69%
Brook Lopez
69%
Carmelo Anthony
69%
Karl-Anthony Towns
69%
Paul George
69%
Robin Lopez
69%
Blake Griffin
68%
Chris Paul
68%
Jabari Parker
68%
Marc Gasol
68%
Tony Parker
68%
DeMarcus Cousins
67%
Dirk Nowitzki
67%
Kemba Walker
67%
Denver Nuggets Paul Millsap
67%
DeAndre Jordan
66%
Giannis Antetokounmpo
66%
John Wall
66%
Damian Lillard
65%
Deron Williams
65%
Hassan Whiteside
65%
Kyle Lowry
65%
Lou Williams
65%
Alan Williams
64%
DeMar DeRozan
64%
Derrick Williams
64%
Devin Booker
64%
Marvin Williams
64%
Kawhi Leonard
63%
Steven Adams
63%
Trevor Booker
63%
Phoenix Suns Amir Johnson
62%
Andrew Wiggins
62%
Brice Johnson
62%
D'Angelo Russell
62%
Derrick Rose
62%
James Johnson
62%
Joe Johnson
62%
Jordan Adams
62%
Stanley Johnson
62%
Tyler Johnson
62%
Wesley Johnson
62%
Bradley Beal
61%
Eric Gordon
61%
Dallas Mavericks Kyle Korver
61%
Meyers Leonard
61%
Aaron Gordon
60%
Andre Drummond
59%
Goran Dragic
57%
Gordon Hayward
57%
Joel Embiid
57%
Kristaps Porzingis
57%
Rajon Rondo
57%
Eric Bledsoe
55%
Nikola Jokic
55%
Victor Oladipo
55%
Mike Conley
54%
Zaza Pachulia
54%
Ben Simmons
53%
CJ McCollum
53%
Houston Rockets Dennis Schroder
53%
Jeff Teague
53%
Jonathon Simmons
53%
Jrue Holiday
53%
Justin Holiday
53%
Reggie Jackson
53%
Zach Lavine
53%
Harrison Barnes
52%
Washington Wizards James Young
52%
Joe Young
52%
Matt Barnes
52%
Nick Young
52%
Rudy Gobert
52%
Thaddeus Young
52%
Miami Heat Avery Bradley
51%
Jeremy Lin
51%
LaMarcus Aldridge
50%
Ricky Rubio
50%
Rondae Hollis-Jefferson
50%
Serge Ibaka
50%
Minnesota Timberwolves Jae Crowder
49%
Al Jefferson
48%
Andre Iguodala
48%
Khris Middleton
48%
Richard Jefferson
48%
George Hill
47%
Jordan Hill
47%
Marcin Gortat
47%
Solomon Hill
47%
Enes Kanter
46%
Ian Clark
46%
JJ Redick
46%
Devin Harris
45%
Gary Harris
45%
Joakim Noah
45%
Joe Harris
45%
Tobias Harris
45%
Alan Anderson
44%
Clint Capela
44%
Evan Turner
44%
Justin Anderson
44%
Kyle Anderson
44%
Myles Turner
44%
Ryan Anderson
44%
Iman Shumpert
43%
Manu Ginobili
43%
Nicolas Batum
43%
Vince Carter
43%
Brandon Ingram
42%
Damian Jones
42%
James Jones
42%
Milwaukee Bucks Jaylen Brown
42%
Marcus Morris
42%
Markieff Morris
42%
Terrence Jones
42%
Tyus Jones
42%
Andrew Bogut
41%
Javale McGee
41%
Toronto Raptors Marcus Smart
41%
Tyson Chandler
41%
Wilson Chandler
41%
Jamal Crawford
40%
Julius Randle
40%
Atlanta Hawks Kent Bazemore
40%
Courtney Lee
39%
David Lee
39%
Trevor Ariza
39%
Jahlil Okafor
38%
Nikola Vucevic
38%
Shaun Livingston
38%
Zach Randolph
38%
Andre Roberson
37%
Rudy Gay
37%
Dejounte Murray
36%
Elfrid Payton
36%
Jamal Murray
36%
Jonas Valanciunas
36%
Jordan Clarkson
36%
Jusuf Nurkic
36%
Marshall Plumlee
36%
Mason Plumlee
36%
Miles Plumlee
36%
Otto Porter
36%
Lavoy Allen
35%
Luol Deng
35%
Nerlens Noel
35%
Taj Gibson
35%
Tony Allen
35%
Cody Zeller
34%
Derrick Favors
34%
Greg Monroe
34%
Kenneth Faried
34%
Michael Kidd-Gilchrist
34%
Orlando Magic Tyler Zeller
34%
Dion Waiters
33%
Patrick Beverley
33%
Paul Pierce
33%
Timofey Mozgov
33%
Danilo Gallinari
32%
DeMarre Carroll
32%
Emmanuel Mudiay
30%
Jeremy Evans
30%
Nene
30%
Tyreke Evans
30%
Brandon Knight
29%
Buddy Hield
29%
Darren Collison
29%
Kentavious Caldwell-Pope
29%
Nick Collison
29%
Monta Ellis
28%
Evan Fournier
27%
Justise Winslow
27%
Malcolm Brogdon
27%
Nikola Mirotic
27%
Brooklyn Nets Tim Hardaway Jr
27%
Wesley Matthews
27%
Austin Rivers
26%
Domantas Sabonis
26%
Gorgui Dieng
26%
Robert Covington
26%
Roy Hibbert
26%
Chandler Parsons
25%
Jerami Grant
25%
Jerian Grant
25%
Matthew Dellavedova
25%
Rodney Hood
25%
Terrence Ross
25%
Channing Frye
24%
Josh Richardson
24%
Sacramento Kings Kelly Olynyk
24%
Kris Dunn
24%
Malachi Richardson
24%
Patrick McCaw
24%
PJ Tucker
24%
Glenn Robinson
23%
Thomas Robinson
23%
Thon Maker
23%
Alex Len
22%
Dario Saric
22%
Dwight Powell
22%
Larry Nance Jr
22%
Norman Powell
22%
San Antonio Spurs Terry Rozier
22%
Al-Farouq Aminu
21%
Luc Mbah a Moute
21%
Adreian Payne
20%
Bojan Bogdanovic
20%
Cameron Payne
20%
CJ Miles
20%
JJ Barea
20%
Golden State Warriors Taurean Prince
20%
Will Barton
20%
Brandon Jennings
19%
Jason Terry
19%
Joe Ingles
19%
Kevon Looney
19%
Bismack Biyombo
18%
James Michael McAdoo
18%
Patrick Patterson
18%
Ty Lawson
18%
Willie Cauley-Stein
18%
Doug McDermott
17%
Jameer Nelson
17%
Kelly Oubre
17%
Lance Stephenson
17%
Michael Carter-Williams
17%
Omer Asik
17%
TJ Warren
17%
Tony Snell
17%
Dragan Bender
16%
Frank Kaminsky
16%
Jeremy Lamb
16%
John Henson
16%
Marquese Chriss
16%
Mike Miller
16%
Los Angeles Clippers Thabo Sefolosha
16%
TJ McConnell
16%
Udonis Haslem
16%
Anderson Varejao
15%
Bobby Portis
15%
Brian Roberts
15%
Mike Dunleavy
15%
Allen Crabbe
14%
Ersan Ilyasova
14%
E'Twaun Moore
14%
Jose Calderon
14%
Juan Hernangomez
14%
Maurice Harkless
14%
Tarik Black
14%
Tyler Ulis
14%
Willy Hernangomez
14%
Boris Diaw
13%
Cory Joseph
13%
Denzel Valentine
13%
Dewayne Dedmon
13%
Philadelphia 76ers Jonas Jerebko
13%
Malik Beasley
13%
Marreese Speights
13%
Michael Beasley
13%
Trey Burke
13%
Anthony Morrow
12%
Boban Marjanovic
12%
Caris LeVert
12%
Chris Andersen
12%
Corey Brewer
12%
Dante Exum
12%
Gerald Henderson
12%
Leandro Barbosa
12%
Detroit Pistons Mike Muscala
12%
Indiana Pacers Mike Scott
12%
Montrezl Harrell
12%
Nikola Pekovic
12%
Raymond Felton
12%
Sam Dekker
12%
Sergio Rodriguez
12%
Los Angeles Lakers Tiago Splitter
12%
Aaron Harrison
11%
Andrew Harrison
11%
Aron Baynes
11%
Ivica Zubac
11%
James Ennis
11%
Jared Sullinger
11%
Jerryd Bayless
11%
Chicago Bulls Kris Humphries
11%
Marco Belinelli
11%
Sean Kilpatrick
11%
Tyler Ennis
11%
Aaron Brooks
10%
Alec Burks
10%
Ben McLemore
10%
Cristiano Felicio
10%
DJ Augustin
10%
Isaiah Whitehead
10%
Jared Dudley
10%
Kosta Koufos
10%
Kyle Singler
10%
Randy Foye
10%
Anthony Bennett
9%
Arron Afflalo
9%
Brandan Wright
9%
Brandon Rush
9%
Delon Wright
9%
Festus Ezeli
9%
Ian Mahinmi
9%
Kyle O'Quinn
9%
Luis Scola
9%
Mario Hezonja
9%
Mirza Teletovic
9%
Nik Stauskas
9%
Omri Casspi
9%
Ron Baker
9%
Shabazz Muhammad
9%
Tim Frazier
9%
Alexis Ajinca
8%
Dante Cunningham
8%
Boston Celtics DeAndre Bembry
8%
Fred VanVleet
8%
Isaiah Canaan
8%
Jarell Martin
8%
Jordan McRae
8%
Josh McRoberts
8%
Langston Galloway
8%
Luke Babbitt
8%
Noah Vonleh
8%
Ramon Sessions
8%
Spencer Hawes
8%
Wayne Ellington
8%
Willie Reed
8%
Brandon Bass
7%
Jakob Poeltl
7%
Jon Leuer
7%
Cleveland Cavaliers Malcom Delaney
7%
Metta World Peace
7%
Nemanja Bjelica
7%
Paul Zipser
7%
Quincy Acy
7%
Reggie Bullock
7%
Salah Mejri
7%
Shabazz Napier
7%
Shelvin Mack
7%
CJ Watson
6%
Cole Aldrich
6%
Diamond Stone
6%
Portland Trail Blazers Jordan Mickey
6%
Raul Neto
6%
Richaun Holmes
6%
Rodney McGruder
6%
Rodney Stuckey
6%
Trey Lyles
6%
Troy Daniels
6%
Anthony Tolliver
5%
Bryn Forbes
5%
Darrell Arthur
5%
Garrett Temple
5%
Georgios Papagiannis
5%
Jodie Meeks
5%
Joffrey Lauvergne
5%
KJ McDaniels
5%
Marcelo Huertas
5%
Mindaugas Kuzminskas
5%
Quincy Pondexter
5%
Skal Labissiere
5%
Andrew Nicholson
4%
Bruno Caboclo
4%
Christian Wood
4%
Danuel House
4%
Dorian Finney-Smith
4%
Henry Ellenson
4%
John Lucas
4%
Josh Huestis
4%
Kevin Seraphin
4%
Marcus Thornton
4%
Pascal Siakim
4%
Sasha Vujacic
4%
Steve Novak
4%
Timothe Luwawu-Cabarrot
4%
Tomas Satoransky
4%
Treveon Graham
4%
Wade Baldwin
4%
Memphis Grizzlies Walter Tavares
4%
AJ Hammons
3%
Beno Udrih
3%
Cheick Diallo
3%
Chris McCullough
3%
CJ Wilcox
3%
Jake Layman
3%
Jeff Withey
3%
Lucas Noguiera
3%
Maurice Ndour
3%
Nicolas Brussino
3%
Pat Connaughton
3%
Rakeem Christmas
3%
Stephen Zimmerman
3%
Damjan Rudez
2%
Darrun Hilliard
2%
Greivis Vasquez
2%
Joel Bolomboy
2%
John Jenkins
2%
Nicolas Laprovittola
2%
Rashad Vaughn
2%
Ray McCallum
2%
Sheldon McClellan
2%
Tim Quarterman
2%
Arinze Onaku
1%
Chinanu Onaku
1%
Davis Bertans
1%
Jarnell Stokes
1%
Archie Goodwin
0%
Dahntay Jones
0%
Gary Payton II
0%
Mitch McGary
0%
Pablo Prigioni
0%
Oklahoma City Thunder RJ Hunter
0%
Ronnie Price
0%
No matching quizzes found
Score Distribution
Percent of People with Each Score
Percentile by Number Answered
Your Score History
You have not taken this quiz